Statistics for Slipknot Songs

Click here to take the quiz!

General Stats

  • This quiz has been taken 34 times
    (30 since last reset)
  • The average score is 66 of 103

Answer Stats

AlbumSong% Correct
Iowa (2001)People = Shit
100%
Vol. 3: (The Subliminal Verses) (2004)Duality
95%
All Hope Is Gone (2008)Psychosocial
95%
Slipknot (1999)Eyeless
91%
Slipknot (1999)(sic)
91%
.5: The Gray Chapter (2014)The Devil In I
91%
The End, So Far (2022)The Dying Song (Time To Sing)
91%
All Hope Is Gone (2008)All Hope Is Gone
86%
Vol. 3: (The Subliminal Verses) (2004)Before I Forget
86%
Iowa (2001)Left Behind
86%
We Are Not Your Kind (2019)Nero Forte
86%
Slipknot (1999)Spit It Out
86%
We Are Not Your Kind (2019)Unsainted
86%
Vol. 3: (The Subliminal Verses) (2004)Vermilion
86%
The End, So Far (2022)Adderall
82%
.5: The Gray Chapter (2014)Custer
82%
Iowa (2001)Disasterpiece
82%
All Hope Is Gone (2008)Snuff
82%
Iowa (2001)The Heretic Anthem
82%
Vol. 3: (The Subliminal Verses) (2004)Vermilion, Pt. 2
82%
Slipknot (1999)Wait and Bleed
82%
The End, So Far (2022)Yen
82%
Iowa (2001)(515)
77%
Slipknot (1999)742617000027
77%
.5: The Gray Chapter (2014)AOV
77%
All Hope Is Gone (2008)Dead Memories
77%
We Are Not Your Kind (2019)Insert Coin
77%
Iowa (2001)Iowa
77%
We Are Not Your Kind (2019)Solway Firth
77%
All Hope Is Gone (2008)Sulfur
77%
.5: The Gray Chapter (2014)XIX
77%
Iowa (2001)Everything Ends
73%
All Hope Is Gone (2008)Gematria (The Killing Name)
73%
Iowa (2001)Gently
73%
.5: The Gray Chapter (2014)Killpop
73%
Slipknot (1999)Liberate
73%
Iowa (2001)My Plague
73%
Slipknot (1999)Scissors
73%
Slipknot (1999)Tattered & Torn
73%
.5: The Gray Chapter (2014)The Negative One
73%
Slipknot (1999)Eeyore
68%
All Hope Is Gone (2008).execute.
68%
Iowa (2001)New Abortion
68%
Slipknot (1999)Only One
68%
We Are Not Your Kind (2019)Red Flag
68%
We Are Not Your Kind (2019)Spiders
68%
Slipknot (1999)Surfacing
68%
Iowa (2001)The Shape
68%
The End, So Far (2022)Hive Mind
64%
We Are Not Your Kind (2019)Orphan
64%
Slipknot (1999)Prosthetics
64%
Vol. 3: (The Subliminal Verses) (2004)Pulse of the Maggots
64%
.5: The Gray Chapter (2014)Sarcastrophe
64%
Vol. 3: (The Subliminal Verses) (2004)The Blister Exists
64%
The End, So Far (2022)The Chapeltown Rag
64%
Vol. 3: (The Subliminal Verses) (2004)The Nameless
64%
All Hope Is Gone (2008)Vendetta
64%
All Hope Is Gone (2008)Butcher's Hook
59%
Vol. 3: (The Subliminal Verses) (2004)Circle
59%
The End, So Far (2022)H377
59%
The End, So Far (2022)Heirloom
59%
Iowa (2001)I Am Hated
59%
Slipknot (1999)Me Inside
59%
Iowa (2001)Metabolic
59%
Slipknot (1999)No Life
59%
Vol. 3: (The Subliminal Verses) (2004)Prelude 3.0
59%
Slipknot (1999)Purity
59%
.5: The Gray Chapter (2014)Skeptic
59%
Vol. 3: (The Subliminal Verses) (2004)Three Nil
59%
We Are Not Your Kind (2019)Birth of the Cruel
55%
Slipknot (1999)Diluted
55%
The End, So Far (2022)Finale
55%
Slipknot (1999)Get This
55%
.5: The Gray Chapter (2014)Goodbye
50%
.5: The Gray Chapter (2014)Nomadic
50%
Iowa (2001)Skin Ticket
50%
Vol. 3: (The Subliminal Verses) (2004)The Virus of Life
50%
The End, So Far (2022)Warranty
50%
We Are Not Your Kind (2019)A Liar's Funeral
45%
We Are Not Your Kind (2019)Critical Darling
45%
Vol. 3: (The Subliminal Verses) (2004)Danger - Keep Away
45%
All Hope Is Gone (2008)Gehenna
45%
.5: The Gray Chapter (2014)If Rain Is What You Want
45%
We Are Not Your Kind (2019)Not Long for This World
45%
Vol. 3: (The Subliminal Verses) (2004)Opium of the People
45%
.5: The Gray Chapter (2014)Override
45%
All Hope Is Gone (2008)This Cold Black
45%
All Hope Is Gone (2008)Til We Die
45%
We Are Not Your Kind (2019)Death Because of Death
41%
The End, So Far (2022)De Sade
41%
.5: The Gray Chapter (2014)Lech
41%
The End, So Far (2022)Medicine for the Dead
41%
We Are Not Your Kind (2019)My Pain
41%
Vol. 3: (The Subliminal Verses) (2004)Welcome
41%
All Hope Is Gone (2008)Wherein Lies Continue
41%
The End, So Far (2022)Acidic
36%
Vol. 3: (The Subliminal Verses) (2004)Scream
36%
.5: The Gray Chapter (2014)The One That Kills the Least
36%
We Are Not Your Kind (2019)What's Next
36%
All Hope Is Gone (2008)Child of Burning Time
32%
.5: The Gray Chapter (2014)The Burden
32%
.5: The Gray Chapter (2014)Be Prepared for Hell
27%
Vol. 3: (The Subliminal Verses) (2004)Don't Get Close
23%

Score Distribution

Percentile by Number Answered

Percent of People with Each Score

Your Score History

You have not taken this quiz since the last reset